[Event "BAN-ch 38th"]
[Site "Dhaka"]
[Date "2012.11.10"]
[Round "3"]
[White "Kabir, Mohammad Sherajul"]
[Black "Ahmed, Jamal"]
[Result "0-1"]
[WhiteElo "2089"]
[BlackElo "2155"]
[PlyCount "92"]
[EventDate "2012.11.08"]
[EventType "tourn"]
[EventRounds "13"]
[EventCountry "BAN"]
[EventCategory "3"]
[SourceTitle "EXT 2013"]
[Source "ChessBase"]
[SourceDate "2012.11.22"]
[SourceVersion "1"]
[SourceVersionDate "2012.11.22"]
[SourceQuality "1"]

1. e4 c5 2. Nf3 Nc6 3. d4 cxd4 4. Nxd4 Nf6 5. Nc3 e5 6. Ndb5 d6 7. Bg5 a6 8. Na3 b5 9. Nd5 Be7 10. Bxf6 Bxf6 11. c3 Bg5 12. Nc2 Ne7 13. a4 bxa4 14. Rxa4 Nxd5 15. Qxd5 Be6 16. Qd3 a5 17. Ra1 0-0 18. Be2 Qb6 19. 0-0 Rfe8 20. Rfb1 g6 21. h4 Bxh4 22. Ne3 f5 23. Rf1 Rf8 24. exf5 gxf5 25. Nc4 Qb3 26. Nxa5 Qb6 27. b4 e4 28. Qh3 Bf6 29. Nc4 Qc6 30. Rxa8 Rxa8 31. Qg3+ Kf8 32. Na5 Qc7 33. c4 Rb8 34. Qe3 Rxb4 35. Qh6+ Qg7 36. Qd2 Rb6 37. Qe3 Bd4 38. Qh3 Rb2 39. Bh5 Bd7 40. Nc6 Bxc6 41. Qxf5+ Qf6 42. Qc8+ Kg7 43. Qg4+ Kh6 44. Qh3 Bxf2+ 45. Kh1 Qh4 46. Qxh4 Bxh4 0-1

[Event "BAN-ch 38th"]
[Site "Dhaka"]
[Date "2012.11.08"]
[Round "1"]
[White "Bhuiyan, Golam Mostafa"]
[Black "Ahmed, Jamal"]
[Result "1-0"]
[WhiteElo "2211"]
[BlackElo "2155"]
[PlyCount "97"]
[EventDate "2012.11.08"]
[EventType "tourn"]
[EventRounds "13"]
[EventCountry "BAN"]
[EventCategory "3"]
[SourceTitle "EXT 2013"]
[Source "ChessBase"]
[SourceDate "2012.11.22"]
[SourceVersion "1"]
[SourceVersionDate "2012.11.22"]
[SourceQuality "1"]

1. e4 e6 2. d4 d5 3. Nd2 c5 4. c3 cxd4 5. cxd4 Nc6 6. Ne2 dxe4 7. Nxe4 Be7 8. Be3 Nf6 9. N2c3 0-0 10. Bd3 Nb4 11. Bb1 Nbd5 12. 0-0 b6 13. Qd3 g6 14. Bh6 Re8 15. h3 Bb7 16. a3 a5 17. Re1 Nh5 18. Bc2 Ndf6 19. Ba4 Nd7 20. Rad1 Nhf6 21. d5 Nxe4 22. Nxe4 exd5 23. Qd4 f6 24. Bxd7 Qxd7 25. Nxf6+ Bxf6 26. Qxf6 b5 27. h4 b4 28. Re3 Qf7 29. Qd4 Rxe3 30. fxe3 bxa3 31. Rf1 Qe7 32. Bg5 Qe6 33. bxa3 Re8 34. Bh6 Qe7 35. h5 Bc6 36. Rf6 g5 37. Rxc6 Qxe3+ 38. Qxe3 Rxe3 39. Rc8+ Kf7 40. Rf8+ Ke7 41. Bxg5+ Kxf8 42. Bxe3 a4 43. Kf2 Kf7 44. Bd4 Ke6 45. g4 Kd6 46. Ke3 Ke7 47. Kf4 Ke6 48. g5 Ke7 49. Ke5 1-0

[Event "United Insurance 11th"]
[Site "Dhaka"]
[Date "2009.08.26"]
[Round "7"]
[White "Ahmed, Jamal"]
[Black "Islam, Mohammad Aminul"]
[Result "1-0"]
[WhiteElo "2138"]
[BlackElo "2188"]
[PlyCount "63"]
[EventDate "2009.08.21"]
[EventType "swiss"]
[EventRounds "10"]
[EventCountry "BAN"]
[SourceTitle "CBM 131 Extra"]
[Source "ChessBase"]
[SourceDate "2009.09.03"]
[SourceVersion "2"]
[SourceVersionDate "2009.09.16"]
[SourceQuality "1"]

1. Nf3 g6 2. c4 Bg7 3. Nc3 d6 4. d4 Nc6 5. Bg5 Bg4 6. d5 Bxf3 7. gxf3 Ne5 8. e4 h6 9. Bh4 g5 10. Bg3 Nf6 11. Bxe5 dxe5 12. c5 c6 13. Qa4 Qc8 14. Rd1 0-0 15. Rc1 Nh5 16. Rg1 Nf4 17. b4 f5 18. Qb3 Kh8 19. Nd1 fxe4 20. fxe4 cxd5 21. exd5 Qf5 22. Rc2 Nxd5 23. Qxd5 Qxc2 24. Bd3 Qa4 25. Qe4 Kg8 26. Qh7+ Kf7 27. Rg3 Qxb4+ 28. Ke2 e4 29. Bxe4 Qd4 30. Rf3+ Ke6 31. Bf5+ Kf7 32. Bd7+ 1-0

[Event "United Insurance 11th"]
[Site "Dhaka"]
[Date "2009.08.25"]
[Round "6"]
[White "Rahman, Syed Mahfuzur"]
[Black "Ahmed, Jamal"]
[Result "1-0"]
[WhiteElo "2256"]
[BlackElo "2138"]
[PlyCount "53"]
[EventDate "2009.08.21"]
[EventType "swiss"]
[EventRounds "10"]
[EventCountry "BAN"]
[SourceTitle "CBM 131 Extra"]
[Source "ChessBase"]
[SourceDate "2009.09.03"]
[SourceVersion "2"]
[SourceVersionDate "2009.09.16"]
[SourceQuality "1"]

1. e4 d6 2. d4 Nf6 3. Nc3 g6 4. f4 c6 5. Nf3 Bg7 6. Bd3 Nbd7 7. e5 dxe5 8. fxe5 Nd5 9. 0-0 0-0 10. Qe1 Nxc3 11. bxc3 e6 12. Ng5 c5 13. Kh1 b6 14. Qh4 h6 15. Qe4 Rb8 16. Nxf7 Qe8 17. Nxh6+ Kh7 18. Bg5 Rh8 19. Rf7 Nf8 20. Raf1 c4 21. Bxc4 b5 22. Bd3 b4 23. Qh4 Rb7 24. Rxb7 Bxb7 25. Rf7 Qxf7 26. Nxf7+ Kg8 27. Nxh8 1-0

[Event "United Insurance 11th"]
[Site "Dhaka"]
[Date "2009.08.21"]
[Round "1"]
[White "Ahmed, Jamal"]
[Black "Barua, Dibyendu"]
[Result "0-1"]
[WhiteElo "2138"]
[BlackElo "2473"]
[PlyCount "72"]
[EventDate "2009.08.21"]
[EventType "swiss"]
[EventRounds "10"]
[EventCountry "BAN"]
[SourceTitle "CBM 131 Extra"]
[Source "ChessBase"]
[SourceDate "2009.09.03"]
[SourceVersion "2"]
[SourceVersionDate "2009.09.16"]
[SourceQuality "1"]

1. d4 d5 2. c4 e6 3. Nc3 Nf6 4. Nf3 c6 5. e3 Nbd7 6. Qc2 Bd6 7. Be2 0-0 8. 0-0 dxc4 9. Bxc4 e5 10. Rd1 Qe7 11. h3 a5 12. a4 Nb6 13. Bd3 exd4 14. Nxd4 g6 15. e4 Nh5 16. Nce2 Nd7 17. f4 Nc5 18. e5 Bc7 19. Bc4 Ne6 20. Kh2 Nxd4 21. Nxd4 Rd8 22. Nf3 Rxd1 23. Qxd1 h6 24. Qc2 Be6 25. g4 Ng7 26. Bxe6 Qxe6 27. Kg2 Rd8 28. Be3 Qd5 29. Re1 Qd3 30. Qf2 Qb3 31. Re2 Rd3 32. Nd2 Qxa4 33. Qh4 Bd8 34. Qxh6 Qd1 35. Kf2 Rxe3 36. Rxe3 Ne6 0-1

[Event "BAN-ch 35th"]
[Site "Dhaka"]
[Date "2009.07.12"]
[Round "13"]
[White "Mohammad, Javed"]
[Black "Ahmed, Jamal"]
[Result "1-0"]
[WhiteElo "2207"]
[BlackElo "2088"]
[PlyCount "53"]
[EventDate "2009.06.29"]
[EventType "tourn"]
[EventRounds "13"]
[EventCountry "BAN"]
[EventCategory "2"]
[SourceTitle "CBM 131 Extra"]
[Source "ChessBase"]
[SourceDate "2009.09.03"]
[SourceVersion "2"]
[SourceVersionDate "2009.09.16"]
[SourceQuality "1"]

1. e4 c5 2. Nf3 d6 3. d4 cxd4 4. Nxd4 Nf6 5. Nc3 Nc6 6. Bg5 e6 7. Qd2 Be7 8. 0-0-0 0-0 9. f3 Qb6 10. Ndb5 a6 11. Na4 Qd8 12. Nxd6 Qc7 13. e5 Nxe5 14. Bf4 Nfd7 15. Nc3 Qa5 16. Qe3 Rd8 17. Be2 Ng6 18. Nc4 Qf5 19. g3 e5 20. Nd5 Bc5 21. Qxc5 exf4 22. Ne7+ Nxe7 23. Qxe7 Rf8 24. Nd6 Qc5 25. Bc4 Ne5 26. Rhe1 Nxc4 27. Qxf8+ 1-0

[Event "BAN-ch 35th"]
[Site "Dhaka"]
[Date "2009.07.09"]
[Round "10"]
[White "Ahmed, Jamal"]
[Black "Hossain, Enamul"]
[Result "0-1"]
[WhiteElo "2088"]
[BlackElo "2531"]
[PlyCount "62"]
[EventDate "2009.06.29"]
[EventType "tourn"]
[EventRounds "13"]
[EventCountry "BAN"]
[EventCategory "2"]
[SourceTitle "CBM 131 Extra"]
[Source "ChessBase"]
[SourceDate "2009.09.03"]
[SourceVersion "2"]
[SourceVersionDate "2009.09.16"]
[SourceQuality "1"]

1. d4 Nf6 2. Nc3 c5 3. Nf3 cxd4 4. Nxd4 Nc6 5. e4 d6 6. Bg5 e6 7. Qd2 a6 8. f4 h6 9. Bxf6 Qxf6 10. Nb3 Qd8 11. g3 Be7 12. 0-0-0 Qc7 13. Kb1 b5 14. Bg2 b4 15. Ne2 e5 16. Rhf1 a5 17. Nbc1 0-0 18. f5 Bg5 19. Qe1 Ba6 20. Nd3 Rfc8 21. Qf2 a4 22. h4 Bf6 23. Rd2 Rab8 24. Rh1 Na5 25. Nec1 Nc4 26. Re2 Na3+ 27. bxa3 bxa3+ 28. Nb3 axb3 29. axb3 Bxd3 30. cxd3 Qc3 31. Rc2 Qxb3+ 0-1

[Event "BAN-ch 35th"]
[Site "Dhaka"]
[Date "2009.07.08"]
[Round "9"]
[White "Abu Sufian, Sakil"]
[Black "Ahmed, Jamal"]
[Result "1-0"]
[WhiteElo "2378"]
[BlackElo "2088"]
[PlyCount "87"]
[EventDate "2009.06.29"]
[EventType "tourn"]
[EventRounds "13"]
[EventCountry "BAN"]
[EventCategory "2"]
[SourceTitle "CBM 131 Extra"]
[Source "ChessBase"]
[SourceDate "2009.09.03"]
[SourceVersion "2"]
[SourceVersionDate "2009.09.16"]
[SourceQuality "1"]

1. e4 c5 2. Nf3 a6 3. c3 e6 4. d4 d5 5. e5 Nc6 6. a3 c4 7. Bf4 Bd7 8. Be2 Nge7 9. 0-0 Ng6 10. Bg3 Be7 11. Nbd2 0-0 12. Ne1 f6 13. exf6 Bxf6 14. Bh5 Bh4 15. Bxg6 hxg6 16. Qg4 Bxg3 17. Qxg3 Rf6 18. Nef3 Qb6 19. Rab1 Ne7 20. Ne5 Ba4 21. Ndf3 Rd8 22. Ng5 Nf5 23. Qh3 Nh6 24. Ng4 Nxg4 25. Qxg4 Qd6 26. Qh4 Qf4 27. Qxf4 Rxf4 28. Nxe6 Rff8 29. Nxd8 Rxd8 30. Rfe1 Kf7 31. Re2 Rd6 32. Rbe1 Rb6 33. h4 Kf8 34. Kh2 Bd7 35. Kg3 Rf6 36. Re5 Bc6 37. Re6 Kf7 38. Rxf6+ gxf6 39. Kf4 Ba4 40. g4 Bd7 41. g5 b5 42. gxf6 Kxf6 43. Re5 Be6 44. Rxe6+ 1-0

[Event "BAN-ch 35th"]
[Site "Dhaka"]
[Date "2009.07.07"]
[Round "8"]
[White "Ahmed, Jamal"]
[Black "Rahman, Ziaur"]
[Result "0-1"]
[WhiteElo "2088"]
[BlackElo "2523"]
[PlyCount "60"]
[EventDate "2009.06.29"]
[EventType "tourn"]
[EventRounds "13"]
[EventCountry "BAN"]
[EventCategory "2"]
[SourceTitle "CBM 131 Extra"]
[Source "ChessBase"]
[SourceDate "2009.09.03"]
[SourceVersion "2"]
[SourceVersionDate "2009.09.16"]
[SourceQuality "1"]

1. d4 d6 2. c4 e5 3. e3 Nd7 4. Nc3 g6 5. g3 Bg7 6. Bg2 Ne7 7. Nge2 0-0 8. 0-0 c6 9. b3 exd4 10. exd4 Nf6 11. Ba3 Re8 12. Rc1 h5 13. h3 Bf5 14. Kh2 a6 15. c5 dxc5 16. dxc5 Qa5 17. Bb2 Rad8 18. Qe1 Bd3 19. Nd5 Qxe1 20. Nxe7+ Rxe7 21. Rfxe1 Rxe2 22. Rxe2 Bxe2 23. Rc2 Bd1 24. Rc4 Rd2 25. Bc1 Rxf2 26. Kg1 Rxa2 27. Rb4 Ra1 28. Bb2 Rb1 29. Be5 Nd5 30. Be4 Rxb3 0-1

[Event "BAN-ch 35th"]
[Site "Dhaka"]
[Date "2009.07.06"]
[Round "7"]
[White "Reefat, Bin Sattar"]
[Black "Ahmed, Jamal"]
[Result "1-0"]
[WhiteElo "2486"]
[BlackElo "2088"]
[PlyCount "53"]
[EventDate "2009.06.29"]
[EventType "tourn"]
[EventRounds "13"]
[EventCountry "BAN"]
[EventCategory "2"]
[SourceTitle "CBM 131 Extra"]
[Source "ChessBase"]
[SourceDate "2009.09.03"]
[SourceVersion "2"]
[SourceVersionDate "2009.09.16"]
[SourceQuality "1"]

1. e4 c5 2. Nf3 d6 3. d4 cxd4 4. Nxd4 Nf6 5. Nc3 a6 6. Bc4 e6 7. Bb3 Nc6 8. Be3 Qc7 9. Qe2 Be7 10. 0-0-0 0-0 11. Rhg1 b5 12. g4 b4 13. Nd5 exd5 14. Nxc6 dxe4 15. g5 Qxc6 16. gxf6 Bxf6 17. Bd5 Qa4 18. Qh5 Be6 19. Rxg7+ Bxg7 20. Rg1 Rfc8 21. Bxe4 f5 22. Qh6 Rc7 23. Bd4 Raa7 24. Qxe6+ Kf8 25. Bxg7+ Rxg7 26. Qxd6+ Rge7 27. Bd5 1-0

[Event "BAN-ch 35th"]
[Site "Dhaka"]
[Date "2009.07.03"]
[Round "5"]
[White "Ahmed, Jamal"]
[Black "Mohammad, Ali"]
[Result "1-0"]
[WhiteElo "2088"]
[BlackElo "2253"]
[PlyCount "97"]
[EventDate "2009.06.29"]
[EventType "tourn"]
[EventRounds "13"]
[EventCountry "BAN"]
[EventCategory "2"]
[SourceTitle "CBM 131 Extra"]
[Source "ChessBase"]
[SourceDate "2009.09.03"]
[SourceVersion "2"]
[SourceVersionDate "2009.09.16"]
[SourceQuality "1"]

1. d4 d5 2. c4 c6 3. Nc3 Nf6 4. Nf3 dxc4 5. a4 Bf5 6. Ne5 Nbd7 7. Nxc4 Nb6 8. Ne5 a5 9. e3 e6 10. g4 Bg6 11. h4 Be4 12. f3 Bd5 13. e4 Bxe4 14. fxe4 Bb4 15. Bg2 Nfd7 16. Nd3 0-0 17. Nxb4 axb4 18. Ne2 e5 19. b3 exd4 20. Qxd4 c5 21. Qd6 Ra6 22. Qd2 Ne5 23. Qxd8 Rxd8 24. Be3 Nbd7 25. Rd1 c4 26. bxc4 Nxc4 27. Bc5 Nce5 28. Bxb4 Rxa4 29. Bc3 Re8 30. 0-0 h6 31. Rd5 f6 32. Rfd1 Ra2 33. Nf4 Rc2 34. Ba1 Kh7 35. h5 Nb6 36. Rb5 Nbc4 37. Bxe5 Nxe5 38. Rxb7 Nxg4 39. Rdd7 Rc1+ 40. Bf1 Rg8 41. Nd5 Kh8 42. Kg2 Ra8 43. Nf4 Ra2+ 44. Be2 Rxe2+ 45. Nxe2 Rc2 46. Rb8+ Kh7 47. Rbd8 Rxe2+ 48. Kf3 Re3+ 49. Kxg4 1-0

[Event "BAN-ch 35th"]
[Site "Dhaka"]
[Date "2009.06.30"]
[Round "2"]
[White "Hasan Md, Emam"]
[Black "Ahmed, Jamal"]
[Result "1-0"]
[WhiteElo "2135"]
[BlackElo "2088"]
[PlyCount "97"]
[EventDate "2009.06.29"]
[EventType "tourn"]
[EventRounds "13"]
[EventCountry "BAN"]
[EventCategory "2"]
[SourceTitle "CBM 131 Extra"]
[Source "ChessBase"]
[SourceDate "2009.09.03"]
[SourceVersion "2"]
[SourceVersionDate "2009.09.16"]
[SourceQuality "1"]

1. e4 c5 2. Nc3 a6 3. g3 b5 4. Bg2 Bb7 5. d3 e6 6. Nh3 g6 7. 0-0 Bg7 8. Be3 d6 9. Qd2 Nc6 10. f4 Nge7 11. Rf2 b4 12. Nd1 0-0 13. c3 a5 14. g4 f5 15. gxf5 exf5 16. exf5 Nxf5 17. Bd5+ Kh8 18. Ng5 Qd7 19. Rf3 Nd8 20. Bxb7 Nxb7 21. Rh3 h6 22. Qg2 Rae8 23. Bd2 Rf6 24. Nf2 d5 25. Ng4 Rb6 26. Nf3 bxc3 27. bxc3 Kh7 28. Nge5 Qd6 29. Nf7 Qd7 30. N3e5 Bxe5 31. Nxe5 Qd6 32. Kh1 Nd8 33. Rg1 Re6 34. Qg4 d4 35. c4 Rb2 36. Bxa5 Ne3 37. Rxe3 dxe3 38. Bxd8 h5 39. Qf3 Qxd8 40. Nxg6 Rxh2+ 41. Kxh2 Rxg6 42. Rxg6 Qh4+ 43. Kg2 Kxg6 44. Qxe3 Kf7 45. a4 Qg4+ 46. Kf2 h4 47. Qf3 Qg6 48. Qd5+ Ke8 49. Qe4+ 1-0

[Event "BAN-ch 35th"]
[Site "Dhaka"]
[Date "2009.06.29"]
[Round "11"]
[White "Islam, Mohammad Aminul"]
[Black "Ahmed, Jamal"]
[Result "0-1"]
[WhiteElo "2145"]
[BlackElo "2088"]
[PlyCount "103"]
[EventDate "2009.06.29"]
[EventType "tourn"]
[EventRounds "13"]
[EventCountry "BAN"]
[EventCategory "2"]
[SourceTitle "CBM 131 Extra"]
[Source "ChessBase"]
[SourceDate "2009.09.03"]
[SourceVersion "2"]
[SourceVersionDate "2009.09.16"]
[SourceQuality "1"]

1. e4 c5 2. Nf3 a6 3. c4 e6 4. Nc3 Qc7 5. g3 b6 6. Bg2 Bb7 7. d3 Nf6 8. Bf4 d6 9. 0-0 Nbd7 10. Qe2 Nh5 11. Bd2 g6 12. Nh4 Be7 13. Nf3 0-0 14. Bh6 Rfe8 15. Ng5 Bf8 16. Bxf8 Nxf8 17. f4 d5 18. e5 Rad8 19. cxd5 exd5 20. Rae1 Ng7 21. g4 Nfe6 22. Nxe6 fxe6 23. Nd1 Rf8 24. Rf2 d4 25. Be4 Rde8 26. Ref1 b5 27. b3 Re7 28. Rf3 Bd5 29. Nf2 c4 30. g5 Nf5 31. Ng4 Bxe4 32. Qxe4 c3 33. Nf6+ Kh8 34. h4 c2 35. Rc1 Qc3 36. Qe2 Ne3 37. Rxe3 dxe3 38. Rxc2 Qd4 39. Qe1 Qxf4 40. Rc5 Qd4 41. b4 e2+ 42. Kg2 Qxd3 43. Kf2 Rd8 44. h5 gxh5 45. Qxe2 Qf5+ 46. Ke1 Qxg5 47. Qf2 Rg7 48. a3 h4 49. Ne4 Qg2 50. Qxh4 Qg1+ 51. Ke2 Rg2+ 52. Nf2 0-1

[Event "Budapest FS12 Elo-A"]
[Site "Budapest"]
[Date "2006.12.14"]
[Round "13"]
[White "Ahmed, Jamal"]
[Black "Letay, Gyula"]
[Result "1/2-1/2"]
[WhiteElo "2063"]
[BlackElo "2145"]
[PlyCount "21"]
[EventDate "2006.12.02"]
[EventType "tourn"]
[EventRounds "13"]
[EventCountry "HUN"]
[SourceTitle "CBM 115 Extra"]
[Source "ChessBase"]
[SourceDate "2007.01.10"]
[SourceVersion "1"]
[SourceVersionDate "2007.01.10"]
[SourceQuality "1"]

1. e4 c5 2. f4 e6 3. Nf3 d5 4. exd5 exd5 5. Bb5+ Bd7 6. Qe2+ Be7 7. 0-0 Bxb5 8. Qxb5+ Qd7 9. Nc3 Nf6 10. Ne5 Qxb5 11. Nxb5 1/2-1/2

[Event "Budapest FS12 Elo-A"]
[Site "Budapest"]
[Date "2006.12.06"]
[Round "5"]
[White "Ahmed, Jamal"]
[Black "Darazs, Zoltan"]
[Result "1/2-1/2"]
[WhiteElo "2063"]
[BlackElo "2234"]
[PlyCount "23"]
[EventDate "2006.12.02"]
[EventType "tourn"]
[EventRounds "13"]
[EventCountry "HUN"]
[SourceTitle "CBM 115 Extra"]
[Source "ChessBase"]
[SourceDate "2007.01.10"]
[SourceVersion "1"]
[SourceVersionDate "2007.01.10"]
[SourceQuality "1"]

1. e4 c5 2. f4 d5 3. exd5 Qxd5 4. Nc3 Qd8 5. Nf3 Nf6 6. Ne5 e6 7. Qf3 Bd6 8. b3 Nbd7 9. Nc4 Be7 10. Bb2 0-0 11. Bd3 Rb8 12. Ne5 1/2-1/2